ბათუმის შოთა რუსთაველის სახელმწიფო უნივერსიტეტის ბიბლიოთეკა

Кормовая база пчеловодства и опыление сельскохозяйственных растении (ბიბ.ჩანაწერი № 45024)

000 -LEADER
fixed length control field 00708nam a2200205Ia 4500
001 - CONTROL NUMBER
control field 11845
003 - CONTROL NUMBER IDENTIFIER
control field GE_BSU
008 - FIXED-LENGTH DATA ELEMENTS--GENERAL INFORMATION
fixed length control field 181216s||||||||xx |||||||||||||| ||und||
040 ## - CATALOGING SOURCE
Transcribing agency GE_BSU
080 ## - UNIVERSAL DECIMAL CLASSIFICATION NUMBER
Universal Decimal Classification number 683.132(07)
100 ## - MAIN ENTRY--PERSONAL NAME
Personal name Пономарева,Е.Г.
245 ## - TITLE STATEMENT
Title Кормовая база пчеловодства и опыление сельскохозяйственных растении
245 ## - TITLE STATEMENT
Statement of responsibility, etc. Ред.А.И.Заварский
260 ## - PUBLICATION, DISTRIBUTION, ETC.
Place of publication, distribution, etc. Москва
260 ## - PUBLICATION, DISTRIBUTION, ETC.
Name of publisher, distributor, etc. Колос
260 ## - PUBLICATION, DISTRIBUTION, ETC.
Date of publication, distribution, etc. 1967
300 ## - PHYSICAL DESCRIPTION
Extent 279стр.21см.
653 ## - INDEX TERM--UNCONTROLLED
Uncontrolled term Кормовая база пчеловодства и опыление сельскохозяйственных растении
942 ## - ADDED ENTRY ELEMENTS (KOHA)
Koha item type წიგნი
ეგზემპლარები
Withdrawn status Lost status Damaged status Not for loan Date acquired Barcode Date last seen Price effective from Koha item type
        2018-12-17 20432 2018-12-17 2018-12-17 წიგნი